Títulos de crédito (Registro nro. 458)
[ vista simple ]
| 000 -LEADER | |
|---|---|
| fixed length control field | 01279 a2200241 4500 |
| 001 - CONTROL NUMBER | |
| control field | 10465 |
| 005 - DATE AND TIME OF LATEST TRANSACTION | |
| control field | 20260407155438.0 |
| 008 - FIXED-LENGTH DATA ELEMENTS--GENERAL INFORMATION | |
| fixed length control field | 260407a2010 arg spa d |
| 003 - CONTROL NUMBER IDENTIFIER | |
| control field | AR-UNSa-BCEJYS |
| 040 ## - CATALOGING SOURCE | |
| Original cataloging agency | AR-UNSa-BCEJYS |
| Language of cataloging | spa |
| Transcribing agency | AR-UNSa-BCEJYS |
| 080 ## - UNIVERSAL DECIMAL CLASSIFICATION NUMBER | |
| Universal Decimal Classification number | 347.73 |
| Common auxiliary subdivision | Organizaciones comerciales. Derecho financiero (títulos de crédito) |
| 020 ## - INTERNATIONAL STANDARD BOOK NUMBER | |
| International Standard Book Number | 978-950-508-901-7 |
| 041 ## - LANGUAGE CODE | |
| Language code of text/sound track or separate title | spa |
| 100 1# - MAIN ENTRY--PERSONAL NAME | |
| Personal name | Escuti, Ignacio A. |
| 245 10 - TITLE STATEMENT | |
| Title | Títulos de crédito |
| Name of part/section of a work | letra de cambio, pagaré y cheque |
| 250 ## - EDITION STATEMENT | |
| Edition statement | 10a. ed. |
| 264 #1 - PRODUCTION, PUBLICATION, DISTRIBUTION, MANUFACTURE, AND COPYRIGHT NOTICE | |
| Place of production, publication, distribution, manufacture | Buenos Aires : |
| Name of producer, publisher, distributor, manufacturer | Astrea |
| Date of production, publication, distribution, manufacture, or copyright notice | 2010 |
| 300 ## - PHYSICAL DESCRIPTION | |
| Extent | xxxi, 503 p. |
| Dimensions | 23 cm. |
| 505 ## - FORMATTED CONTENTS NOTE | |
| Formatted contents note | 1. Introducción - 2. La obligación cambiaria - 3. Obligados cambiarios - 4. Circulación - 5. Garantías cambiarias - 6. Institutos cambiarios poco usuales y cancelación - 7. Vencimiento y extinción de las obligaciones cambiarias - 8. Cheque - 9. Acciones cambiarias - 10. Defensas sustanciales y excepciones - 11. Otras acciones emergentes del ordenamiento cambiario - 12. Problemática internacional de los títulos de crédito - 13. Panorama de los títulos de crédito |
| 590 ## - LOCAL NOTE (RLIN) | |
| Local note | niveau_biblio:m niveau_hierar:0 |
| 856 41 - ELECTRONIC LOCATION AND ACCESS | |
| Uniform Resource Identifier | <a href="https://biblioeco.unsa.edu.ar/pmb/images/libros/Titulos de credito2-l118739.jpg">https://biblioeco.unsa.edu.ar/pmb/images/libros/Titulos de credito2-l118739.jpg</a> |
| Link text | Imagen de portada |
| Electronic format type | image/jpeg |
| 942 ## - ADDED ENTRY ELEMENTS (KOHA) | |
| Koha item type | |
| Withdrawn status | Lost status | Damaged status | Not for loan | Home library | Current library | Shelving location | Date acquired | Total checkouts | Full call number | Barcode | Date last seen | Price effective from | Koha item type | Public note |
|---|---|---|---|---|---|---|---|---|---|---|---|---|---|---|
| Biblioteca Prof. Eusebio Cleto del Rey | Biblioteca Prof. Eusebio Cleto del Rey | 07/04/2026 | 347.73 E74 10ed. | L118739 | 07/04/2026 | 07/04/2026 | Libro | SUBRAYADO C/ LÁPIZ - CANTO SUCIO - ÍNDICE ESCRITO C/ LÁPIZ | ||||||
| Biblioteca Prof. Eusebio Cleto del Rey | Biblioteca Prof. Eusebio Cleto del Rey | 07/04/2026 | 347.73 E74 10ed. | L118740 | 07/04/2026 | 07/04/2026 | Libro | PÁG. 9 A 20 UN POCO HÚMEDAS - SUBRAYADO Y ESCRITO C/ LÁPIZ - CANTO UN POCO SUCIO | ||||||
| Biblioteca Prof. Eusebio Cleto del Rey | Biblioteca Prof. Eusebio Cleto del Rey | 07/04/2026 | 347.73 E74 10ed. | L118741 | 07/04/2026 | 07/04/2026 | Libro | SUBRAYADO LEVE C/ LÁPIZ PÁG. 10,11,12 Y 15 - MANCHAS LEVES PÁG. 15 A 19 - ÚLTIMAS HOJAS CANTO SUPERIOR MANCHADO - CANTO UN POCO SUCIO | ||||||
| Biblioteca Prof. Eusebio Cleto del Rey | Biblioteca Prof. Eusebio Cleto del Rey | 07/04/2026 | 347.73 E74 10ed. | L118742 | 07/04/2026 | 07/04/2026 | Libro | LAPICERA ÚLTIMA HOJA - SUBRAYADO C/ LÁPIZ - ALGO HÚMEDO CANTO SUPERIOR - ÍNDICE MANCHADO - CANTO UN POCO SUCIO | ||||||
| Biblioteca Prof. Eusebio Cleto del Rey | Biblioteca Prof. Eusebio Cleto del Rey | 07/04/2026 | 347.73 E74 10ed. | L118743 | 07/04/2026 | 07/04/2026 | Libro | SUBRAYADO C/ LÁPIZ - PÁG. 29 MANCHADA - HÚMEDO CANTO INFERIOR ESQUINA - ÍNDICE RAYADO C/ LÁPIZ LEVE |